| 000 | 01485 a2200229 4500 | ||
|---|---|---|---|
| 001 | 31683 | ||
| 005 | 20260407155620.0 | ||
| 008 | 260407a2014 arg spa d | ||
| 003 | AR-UNSa-BCEJYS | ||
| 040 |
_aAR-UNSa-BCEJYS _bspa _cAR-UNSa-BCEJYS |
||
| 080 |
_a316.46 _xLiderazgo |
||
| 245 | 1 | 0 |
_aInspiradores latinoamericanos _pde emprendedores a líderes empresariales, 14 testimonios |
| 020 | _a978-950-641-125-1 | ||
| 264 | 1 |
_aBuenos Aires : _bGranica _c2014 |
|
| 300 |
_a311 p. _c22 cm. |
||
| 505 | _a1. Kola Real: el resultado de pensar en grande / Jorge Añaños y Tania Alcázar - 2. La carta de un padre / Luis J. Bakker - 3. El papel de la memoria / Alfredo Caravajal - 4. El hombre de hierro / Roberto de Andraca - 5. Pura química / Antonio Del Valle - 6. Construyendo liderazgo / Orlando Dovat - 7. En alas de lo imposible / Germán Efromovich - 8. Una nube de oportunidades / Marcos Galperin - 9. La firme convicción de los inmigrantes / Julio y Alberto Ikeda - 10. "Nuestra empresa ha llegado a los 100 millones de grados de libertad" / Enrique Pescarmona - 11. La tercera seducción / Álvaro Saieh - 12. Creatividad empresarial más allá de los negocios / Carlos Slim - 13. La tierra prometida / Alberto Vallarino. | ||
| 041 | _aspa | ||
| 942 | _cBK | ||
| 590 | _aniveau_biblio:m niveau_hierar:0 | ||
| 100 | 1 | _aJano Ros, Alexis | |
| 856 | 4 | 1 |
_uhttps://biblioeco.unsa.edu.ar/pmb/images/libros/Inspiradores latinoamericanos2-l125122.jpg _yImagen de portada _qimage/jpeg |
| 999 |
_c2208 _d2208 |
||